000 00583nam a2200181Ia 4500
008 100917s9999 xx 000 0 und d
082 _b46280
100 _aमराठे प्रभाकर
245 _aधैर्य समुद्र ढवळला
260 _bसरिता प्रकाशन
_c1978
300 _a188
365 _b17
520 _aकादंबरी
630 _aधैर्य समुद्र ढवळला
650 _aकादंबरी
730 _aधैर्य समुद्र ढवळला
942 _cBOOK
999 _c651674
_d651671